1269 1111 1660 1093 1312 1970 1712 1061 1727 1314 1561 1055 1678 1242 1226 1804 1099 1878 1012 1177 1543 1695 1693 1571 1153 1162 1133 1138 1056 1837 1404 1779 1555 1262 1628 1892 1586 1424 1343 1699 1880 1210 1079 1824 1728 1418 1300 1635 1854 1423 1336 1651 1902 1200 1070 1741 1760 1964 1299 1975 1448 1159 1589 1604 1691 1924 1342 1949 1650 1489 1047 1671 1181 1646 1422 1508 1012 1619 1462 1043 1250 1179 1541 1836 1276 1912 1554 1130 1217 1215 1396 1509 1391 1009 1351 1005 1018 1194 1313 BCNSPRNW ULIB Ver.6.0+V

เปลี่ยนเป็นภาษาไทย

Change to English
 แสดงรายละเอียดบรรณานุกรม
  กลับหน้าหลัก

Brief Record : Get Marc (ISO 2709) : E-mail record : QR code < ปิดหน้าต่าง
LEADER : 00000nam 2200000uu 4500
001    13399128357
003     ULIB
008    230707s2564||||th 000 0 tha d
020    ^a9786168201183 (ล.1)
060 04 ^aWV140^bร924^cล.1
245 00 ^aโรค หู คอ จมูก :^bสำหรับนักศึกษาแพทย์และแพทย์เวชปฏิบัติทั่วไป /^cบรรณาธิการ, ภาวิน เกษกุล, จีระสุข จงกลวัฒนา, โชคชัย เมธีไตรรัตน์
250    ^aพิมพ์ครั้งที่ 2
260    ^aกรุงเทพฯ :^bสำนักพิมพ์ศิริราช คณะแพทยศาสตร์ศิริราชพยาบาลมหาวิทยาลัยมหิดล,^c2564
300    ^a2 เล่ม :^bภาพประกอบ ;^c27 ซม.
500    ^aCL มีพิมพ์ครั้งที่ 1 ปีพิมพ์เดียวกัน
650  4 ^aหู คอ จมูก, โรค^xการรักษา
650  4 ^aหู, โรค^xการรักษา
650  4 ^aคอ, โรค^xการรักษา
650  4 ^aจมูก, โรค^xการรักษา
653    ^aผลงานอาจารย์คณะแพทยศาสตร์ศิริราชพยาบาล
690    ^aMahidol IR
700 0  ^aภาวิน เกษกุล,^eบรรณาธิการ
700 0  ^aจีระสุข จงกลวัฒนา,^eบรรณาธิการ
700 0  ^aโชคชัย เมธีไตรรัตน์,^eบรรณาธิการ
710 2  ^aมหาวิทยาลัยมหิดล.^bคณะแพทยศาสตร์ศิริราชพยาบาล.^bภาควิชาโสต นาสิกลาริงซ์วิทยา
945    ^p1500^l0^i009769
945    ^p1500^l0^i009770
945    ^p1500^l0^i009771
999    ^aประนอม เกษจรัล
รายการนี้ยังไม่มีแท็ก
คุณยังไม่ได้ล็อกอิน คุณสามารถมีกิจกรรมร่วมกับเว็บไซต์ได้ แต่ต้องล็อกอินก่อน ::
  ล็อกอิน

รายการสื่อสารสนเทศ

ลำดับที่ ประเภท เลขเรียก/บาร์โค้ด สถานที่ สถานะ
1. วิทยาศาสตร์การแพทย์ และสุขภาพ
หนังสือสำรอง
สถานะ=หนังสือสำรอง
WV140 ร924 ล.1 ฉ.1 
  Barcode: 009769
ห้องสมุดวิทยาเขตสวรรค์ประชารักษ์
►หนังสือทั่วไป
บนชั้น
2. วิทยาศาสตร์การแพทย์ และสุขภาพ
วิทยาศาสตร์การแพทย์ และสุขภาพ
WV140 ร924 ล.1 ฉ.2 
  Barcode: 009770
ห้องสมุดวิทยาเขตสวรรค์ประชารักษ์
►หนังสือทั่วไป
บนชั้น
3. วิทยาศาสตร์การแพทย์ และสุขภาพ
วิทยาศาสตร์การแพทย์ และสุขภาพ
WV140 ร924 ล.1 ฉ.3 
  Barcode: 009771
ห้องสมุดวิทยาเขตสวรรค์ประชารักษ์
►หนังสือทั่วไป
บนชั้น

BibComment


ยังไม่เคยถูกคอมเมนท์

คอมเมนท์ทรัพยากรรายการนี้
  คอมเมนท์: โรค หู คอ จมูก ..


 Copyright 2026. Bcnsprnw @Library